000 00462nam a2200157Ia 4500
999 _c19904
_d19904
003 OSt
005 20200624124333.0
008 190216s9999||||xx |||||||||||||| ||und||
040 _coclc
082 _a954
_bDES/A
100 _aDesai, A R
_92954
245 0 _aAgrarian Struggles In India After Independence /
_cA R Desai
260 _bOxford University Press,
_c1986.
_aDelhi:
300 _a666p
942 _cBK
_2ddc
_h954
_iDES/A
_k954
_mDES/A